| 000 | 00913nam a2200313 a 4500 | ||
|---|---|---|---|
| 001 | 9957 | ||
| 003 | CO-ViMGA | ||
| 008 | 141112s2004 ck r 000 u spa d | ||
| 020 | _a9582805617 | ||
| 040 |
_aCO-ViMGA _bspa _cCO-ViMGA |
||
| 082 | 0 | 4 | _a612.65 J12b |
| 100 | 1 |
_aJacobo, S.H _912173 |
|
| 245 | 1 | 0 | _aSu bebe semana a semana |
| 260 |
_aSantafé de Bogotá : _bIntermedio, _c1993 |
||
| 300 | _a255p. : il | ||
| 500 | _aCómo potenciar y facilitar el desarrollo integral de su bebe. | ||
| 650 | 1 | 4 |
_aABSTRACCION EMPIRICA _912174 |
| 650 | 1 | 4 |
_aABSTRACCION REFLEXIVA _912175 |
| 650 | 1 | 4 |
_aADAPTACION _912176 |
| 650 | 1 | 4 |
_aAPRENDER _912177 |
| 650 | 1 | 4 |
_aASIMILACION _912178 |
| 650 | 1 | 4 |
_aCONOCIMIENTO FISICO _912179 |
| 650 | 1 | 4 |
_aDESARROLLO _912180 |
| 650 | 1 | 4 |
_aEQUILIBRIO _912181 |
| 650 | 1 | 4 |
_aETAPAS _912182 |
| 650 | 1 | 4 |
_aLA MENTE DE SU BEBE _912183 |
| 650 | 1 | 4 |
_aREACCION _912184 |
| 942 |
_2ddc _cBK |
||
| 999 |
_c21334 _d21334 |
||